Воронец : (Record no. 462553)
[ view plain ]
| 000 -LEADER | |
|---|---|
| fixed length control field | 00851nam a2200217 a 4500 |
| 001 - CONTROL NUMBER | |
| control field | 001065480 |
| 003 - CONTROL NUMBER IDENTIFIER | |
| control field | AM-YeHGA |
| 005 - DATE AND TIME OF LATEST TRANSACTION | |
| control field | 20250617160927.0 |
| 008 - FIXED-LENGTH DATA ELEMENTS--GENERAL INFORMATION | |
| fixed length control field | 150312s1959 ru r 000 0 rus d |
| 040 ## - CATALOGING SOURCE | |
| Original cataloging agency | AM-YeHGA |
| 041 0# - LANGUAGE CODE | |
| Language code of text/sound track or separate title | rus |
| 090 ## - LOCALLY ASSIGNED LC-TYPE CALL NUMBER (OCLC); LOCAL CALL NUMBER (RLIN) | |
| -- | 465733 |
| 245 00 - TITLE STATEMENT | |
| Title | Воронец : |
| Remainder of title | Фрески XV-XVI вв. / |
| Statement of responsibility, etc. | [Вступ. статья Петру Комарнеску]. |
| 260 ## - PUBLICATION, DISTRIBUTION, ETC. | |
| Place of publication, distribution, etc. | Бухарест : |
| Name of publisher, distributor, etc. | Изд-во лит. на иностр. яз., |
| Date of publication, distribution, etc. | 1959. |
| 300 ## - PHYSICAL DESCRIPTION | |
| Extent | 31 с. текста, 152 л. ил. : |
| Other physical details | ил. ; |
| Dimensions | 26 см. |
| 440 #0 - SERIES STATEMENT/ADDED ENTRY--TITLE | |
| Title | Шедевры румынского искусства |
| 650 14 - SUBJECT ADDED ENTRY--TOPICAL TERM | |
| Topical term or geographic name entry element | Храмовая живопись румынская |
| 650 14 - SUBJECT ADDED ENTRY--TOPICAL TERM | |
| Topical term or geographic name entry element | Фреска румынская |
| 650 14 - SUBJECT ADDED ENTRY--TOPICAL TERM | |
| Topical term or geographic name entry element | Румынская фреска |
| 700 1# - ADDED ENTRY--PERSONAL NAME | |
| Personal name | Корманеску, Петру |
| Relator term | авт. вступ. ст. |
| Relationship | aui |
| Withdrawn status | Lost status | Source of classification or shelving scheme | Damaged status | Not for loan | Collection | Home library | Current library | Date acquired | Total checkouts | Full call number | Barcode | Date last seen | Price effective from | Koha item type | Public note |
|---|---|---|---|---|---|---|---|---|---|---|---|---|---|---|---|
| Universal Decimal Classification | General | Fundamental Scientific Library | Fundamental Scientific Library | 17/01/2018 | PIII/6417 | FL0471728 | 17/01/2018 | 17/01/2018 | Գրքեր / Books | 30 Days Loan |
ՀՀ Գիտությունների ազգային ակադեմիայի հիմնարար գիտական գրադարան = Fundamental Scientific Library of NAS RA
All site content, except where otherwise noted, is licensed under a